Squadre neopromosse in B subito retrocesse in Serie C - Statistics

Statistiche generali
  • Questo quiz è stato fatto 6 volte
  • Il punteggio medio è 33 su 60
Statistiche sulle risposte
Retrocessioni in C da neopromossa Squadra % Corretto
1 Arezzo
83%
3 Avellino
83%
1 Avellino
83%
1 Bari
83%
1 Benevento
83%
1 Carpi
83%
2 Catanzaro
83%
2 Como
83%
1 Crotone
83%
1 Foggia
83%
1 Padova
83%
2 Palermo
83%
2 Parma
83%
2 Piacenza
83%
1 Pro Vercelli
83%
2 Ravenna
83%
1 Siena
83%
2 SPAL
83%
1 Ternana
83%
2 Alessandria
67%
2 Ancona
67%
1 Ancona
67%
1 Brindisi
67%
3 Cremonese
67%
2 Gubbio
67%
2 Lecco
67%
1 Livorno
67%
1 Massese
67%
1 Pisa
67%
1 Pistoiese
67%
3 Prato
67%
1 Reggiana
67%
3 Salernitana
67%
3 Taranto
67%
1 Trapani
67%
1 Barletta
50%
2 Casertana
50%
1 Castel di Sangro
50%
1 Cosenza
50%
1 FeralpiSalò
50%
1 Fermana
50%
2 Juve Stabia
50%
1 Lucchese
50%
1 Matera
50%
1 Gallipoli
33%
3 Nocerina
33%
1 Portogruaro
33%
1 Alzano Virescit
17%
1 Magenta
17%
1 Savoia
17%
1 Savona
17%
1 Seregno
17%
1 Sorrento
17%
1 Vigevano
17%
1 Centese
0%
1 Derthona
0%
1 Fiumana
0%
1 Macerataese
0%
1 Molinella
0%
1 Vita Nova
0%
Nessun quiz corrispondente trovato
Distribuzione punteggi
Percentuale di utenti per punteggio
Percentile per numero di risposta
I tuoi punteggi nel tempo
Non hai fatto questo quiz